000 03534nam a2200289Ia 4500
003 OSt
005 20260421121924.0
008 260210s9999||||xx |||||||||||||| ||aze||
020 _a978-9952-8455-3-2
040 0 _aAz-XaKU
_baze
_cAz-XaKU
041 _aaze
050 1 4 _aJS78 .Ib71 2023
100 1 _aİbrahimov, İ.H.,
_ciqt. üzrə fəls. d-ru, prof.,
_emüəllif.
245 1 0 _aBeynəlxalq təcrübədə bələdiyyə idarəetməsi :
_b(dərs vəsaiti)
_c/ İ. H. İbrahimov
264 _aBakı:
_b"Bakı Biznes Universiteti" nəşriyyatı,
_c 2023.
300 _a287 səhifə
_c21 sm.
505 0 _aGiriş -- I Fəsil. Beynəlxalq təcrübədə bələdiyyə idarəetməsi kursunun predmeti, məqsədi, vəzifələri və əhəmiyyəti -- II Fəsil. Yerli özünüidarənin təşkili sahəsində beynəlxalq təcrübə -- III Fəsil. Yerli özünüidarəetmə orqanlarının təşkilati-idarəetmə strukturunun dünya təcrübəsində mövcud modelləri -- IV Fəsil. Xarici təcrübədə tətbiq olunan yerli özünüidarəetmə sistemləri -- V Fəsil. Yerli özünüidarəetmə orqanlarının fəaliyyətinə nəzarət sistemi. Bələdiyyələrin məsuliyyəti -- VI Fəsil. Yerli özünüidarəetmə dünyada gedən qeyri-mərkəzləşdirmə proseslərinin təzahür forması kimi -- VII Fəsil. Azərbaycan Respublikasında bələdiyyə idarəçiliyinin elmi-nəzəri və metodoloji əsasları -- VIII Fəsil. Şərqi Avropa dövlətlərinin yerli özünüidarəetmə sistemi -- IX Fəsil. Mərkəzi və Qərbi Avropa ölkələrində yerli özünüidarəetmə sistemi -- X Fəsil. Amerika Birləşmiş Ştatlarında yerli özünüidarəetmə sistemi -- XI Fəsil. Türkiyə və Şərq ölkələrində yerli özünüidarəetmə sistemi -- XII Fəsil. Böyük şəhərlərin inkişafında bələdiyyələrin əhəmiyyəti -- XIII Fəsil. Bələdiyyə birliklərinin beynəlxalq təcrübəsi -- XIV Fəsil. Beynəlxalq təcrübədə yerli özünüidarəetmənin hüquqi əsasları -- XV Fəsil. Yerli özünüidarəetmə sahəsində beynəlxalq əməkdaşlıq
520 0 _aDərs vəsaitində beynəlxalq təcrübədə yerli özünüidarəetmə orqanlarının formalaşdırılması qaydaları, bir sıra Avropa və Amerika dövlətlərində bələdiyyə üzvlüyünə namizədlərin irəli sürülməsi qaydaları, xarıci təcrübədə yerli özünüidarəetmənin təşkilinin əsas prinsipləri öz əksini tapmışdır. Göstərilənlərlə yanaşı, dərs vəsaitində bu orqanların seçkili olması, bələdiyyələrin yerli əhalinin ictimai maraqlarını əks etdirməsi, kollegiallıq, qanunçuluq və müstəqillik prinsipləri, yerli problemlərin müstəqil və ölkə qanunları çərçivəsində həlli, şəffaflıq prinsipi, əhali qarşısında cavabdehlik daşımaq və fəaliyyəti barədə yerli əhaliyə hesabatların verilməsi, dövlət və əhali qarşısında məsuliyyəti, səlahiyyətləri, bələdiyyə orqanlarının strukturu barədə geniş məlumat verilmişdir.
521 _aDərs vəsaiti bakalavriatlar, magistrantlar, doktorantlar, dövlət və bələdiyyə idarəçiliyi sahəsində tədris aparan tədqiqatçılar və ümumiyyətlə, yerli özünüidarəetmə sahəsi ilə maraqlananlar üçün nəzərdə tutulmuşdur.
650 0 7 _aİqtisadiyyat
_2Az-XaKU
655 _2Az-XaKU
_adərs vəsaiti
700 1 _aHüseynova, Xatirə
_eelmi redaktor
700 1 _aSadıqov, Rahim
_erəyçi
700 1 _aSadıqov, Yunus
_erəyçi
942 _cBOOK
999 _c79
_d79